[Event "AUTO-ADV-3340"]
[Site "http://www.queenalice.com/game.php?id=1336278"]
[Date "2015.1.22"]
[Round "1"]
[White "Michelangelo"]
[Black "Beno"]
[Result "1-0"]
[WhiteElo "2139"]
[BlackElo "1847"]

1. e4 d6 2. d4 g6 3. Nf3 Bg7 4. c3 Nd7 5. Bd3 c6 6. O-O Qc7 7. Na3 Ngf6 8. Nc2
O-O 9. Bg5 a5 10. h3 b5 11. Re1 e5 12. d5 Bb7 13. dxc6 Bxc6 14. Qe2 Rab8 15.
Rac1 Nc5 16. Na3 Nxd3 17. Qxd3 h6 18. Bd2 Rfd8 19. Nh2 d5 20. exd5 Nxd5 21. Qe2
Qb7 22. Nc2 Nf4 23. Bxf4 exf4 24. f3 h5 25. Rcd1 b4 26. Rxd8+ Rxd8 27. Nd4 Rxd4
28. cxd4 Bxd4+ 29. Kh1 Qb6 30. b3 a4 31. bxa4 1-0

[Event "AUTO-ADV-3340"]
[Site "http://www.queenalice.com/game.php?id=1336279"]
[Date "2015.1.22"]
[Round "1"]
[White "Beno"]
[Black "Cuyo"]
[Result "0-1"]
[WhiteElo "1729"]
[BlackElo "1876"]

1. d4 Nf6 2. Nc3 d5 3. Nf3 Bg4 4. g3 Nc6 5. Bg2 Bxf3 6. exf3 e5 7. dxe5 Nxe5 8.
O-O Be7 9. Re1 Nc6 10. Nb5 O-O 11. Bf4 Rc8 12. Bh3 Nd7 0-1

[Event "AUTO-ADV-3340"]
[Site "http://www.queenalice.com/game.php?id=1336280"]
[Date "2015.1.22"]
[Round "1"]
[White "Cuyo"]
[Black "Beno"]
[Result "1-0"]
[WhiteElo "1865"]
[BlackElo "1740"]

1. e4 d6 2. c3 g6 3. d4 Bg7 4. Bc4 e6 5. Nf3 c6 6. Bg5 Qc7 7. O-O Nd7 8. b4 Ngf6
9. Nbd2 O-O 10. Rc1 e5 11. Bd3 d5 12. Re1 1-0

[Event "AUTO-ADV-3340"]
[Site "http://www.queenalice.com/game.php?id=1336281"]
[Date "2015.1.22"]
[Round "1"]
[White "Beno"]
[Black "ratorei"]
[Result "0-1"]
[WhiteElo "1823"]
[BlackElo "1962"]

1. d4 Nf6 2. Nc3 g6 3. e4 Bg7 4. Nf3 d6 5. Be2 O-O 6. O-O Nc6 7. h3 e5 8. dxe5
dxe5 9. Qxd8 Rxd8 10. Bg5 Be6 11. Bxf6 Bxf6 12. Nb5 Rd7 13. c3 Rad8 14. b3 Kf8
15. Rad1 Ke7 16. Na3 a6 17. Nc2 h6 18. Ne3 Bg7 19. c4 Nb4 20. Nd5+ Bxd5 21. exd5
c6 22. Nh4 cxd5 23. Bg4 Rd6 24. c5 Rc6 25. a3 Nc2 26. b4 Nxa3 27. Rfe1 f5 28.
Bxf5 gxf5 29. Nxf5+ Kf6 30. Nxg7 Kxg7 31. Rxe5 Rd7 32. Rexd5 Rf7 33. g3 Nc2 34.
Rb1 Re6 35. Kf1 Ne3+ 0-1

[Event "AUTO-ADV-3340"]
[Site "http://www.queenalice.com/game.php?id=1336282"]
[Date "2015.1.22"]
[Round "1"]
[White "ratorei"]
[Black "Beno"]
[Result "1-0"]
[WhiteElo "1936"]
[BlackElo "1816"]

1. e4 d6 2. d4 g6 3. g3 c6 4. Bg2 Bg7 5. Ne2 Nd7 6. O-O Qc7 7. c4 Ngf6 8. Nbc3
O-O 9. h3 e5 10. d5 h5 11. Bg5 Nh7 12. Be3 Ndf6 13. Qd2 Ne8 14. Rac1 c5 15. f4
f5 16. fxe5 Bxe5 17. exf5 Bxf5 18. Bf4 Bf6 19. h4 Ng7 20. Nb5 Qd7 21. Nxd6 Bg4
22. Ne4 Nf5 23. Kh2 Bxe2 24. Qxe2 Bd4 25. Bh3 Rae8 26. Qc2 Qd8 27. Rce1 Nf6 28.
Ng5 Ng4+ 29. Bxg4 hxg4 30. Ne6 Rxe6 31. Rxe6 Nxh4 32. Qe2 1-0

[Event "AUTO-OPEN-3422"]
[Site "http://www.queenalice.com/game.php?id=1336326"]
[Date "2015.1.22"]
[Round "1"]
[White "Beno"]
[Black "ratorei"]
[Result "0-1"]
[WhiteElo "1868"]
[BlackElo "1986"]

1. d4 Nf6 2. Nc3 g6 3. e4 Bg7 4. e5 Ng8 5. f4 c6 6. Be3 d6 7. Nf3 Bg4 8. Bc4 d5
9. Bd3 Na6 10. a3 Nc7 11. O-O h5 12. h3 Bd7 13. Nh4 e6 14. Nf3 Ne7 15. Kf2 b5
16. g4 a5 17. Rg1 b4 18. Na4 Nb5 19. axb4 axb4 20. Nc5 hxg4 21. hxg4 Qc8 22.
Rxa8 Qxa8 23. Qa1 Qxa1 24. Rxa1 Nc8 25. f5 exf5 26. Nxd7 Kxd7 27. gxf5 gxf5 28.
Bxf5+ Kc7 29. Bg5 Nb6 30. c3 bxc3 31. bxc3 Kb7 32. Bd2 Bh6 33. Bxh6 Rxh6 34. Rc1
Rh8 35. Bd3 Na3 36. Rg1 Rf8 37. Rg7 Na4 38. Ng5 Nxc3 39. Rxf7+ Rxf7+ 40. Nxf7
Nab5 41. Bxb5 Nxb5 42. Ke3 Kc8 43. e6 Kc7 0-1

[Event "AUTO-OPEN-3422"]
[Site "http://www.queenalice.com/game.php?id=1336327"]
[Date "2015.1.22"]
[Round "1"]
[White "ratorei"]
[Black "Beno"]
[Result "0-1"]
[WhiteElo "1959"]
[BlackElo "1792"]

1. e4 d6 2. d4 g6 3. c4 Bg7 4. Nf3 Nd7 5. Be2 c6 6. O-O Qc7 7. Nc3 Ngf6 8. Bg5
O-O 9. Qd2 e5 10. d5 Nc5 11. Qc2 a5 12. Nd2 h6 13. Bh4 Nh7 14. a3 f5 15. exf5
Bxf5 16. Nde4 g5 17. Bg3 Nxe4 18. Nxe4 cxd5 19. f3 dxe4 20. fxe4 Be6 21. b3 Nf6
22. Rac1 Ng4 23. Qd3 Qc5+ 24. Kh1 Rxf1+ 25. Rxf1 Rf8 26. Rxf8+ Bxf8 0-1

[Event "AUTO-OPEN-3422"]
[Site "http://www.queenalice.com/game.php?id=1336328"]
[Date "2015.1.22"]
[Round "1"]
[White "Beno"]
[Black "Lopesq"]
[Result "0-1"]
[WhiteElo "1873"]
[BlackElo "1932"]

1. d4 d5 2. Nf3 c6 3. g3 Bg4 4. Bg2 e6 5. O-O Be7 6. c3 Nf6 7. Nbd2 Nbd7 8. Re1
O-O 9. e4 dxe4 10. Nxe4 Nxe4 11. Rxe4 Nf6 12. Re1 Nd5 13. Bd2 b5 14. h3 Bxf3 15.
Bxf3 Nb6 16. Bxc6 Rb8 17. Bxb5 Nd5 18. Bd3 Rxb2 19. Be4 Nf6 20. Bg2 Bd6 21. Bg5
Be7 22. a4 h6 23. Be3 Rb8 24. c4 a5 25. c5 Rb4 26. Qd2 Nd5 27. Reb1 Rxb1+ 28.
Rxb1 Nxe3 29. fxe3 Qc7 30. Kf2 Rb8 31. Rb5 Bf8 32. Bf1 Rd8 33. Qxa5 Qxa5 34.
Rxa5 Rb8 0-1

[Event "AUTO-OPEN-3422"]
[Site "http://www.queenalice.com/game.php?id=1336329"]
[Date "2015.1.22"]
[Round "1"]
[White "Lopesq"]
[Black "Beno"]
[Result "1-0"]
[WhiteElo "1917"]
[BlackElo "1888"]

1. d4 d5 2. c3 Nf6 3. Nf3 e6 4. Bg5 Be7 5. e3 O-O 6. Nbd2 Nbd7 7. Be2 h6 8. Bh4
c5 9. dxc5 Nxc5 10. Nb3 Nce4 11. Nbd4 a6 12. Ne5 Bd6 13. Nef3 b5 14. a3 Qc7 15.
Bxf6 Nxf6 16. h3 Bb7 17. Rc1 Qe7 18. Qb3 Rab8 19. Qc2 Rfc8 20. Qd1 Nd7 21. O-O
g6 22. Nb3 Qf6 23. Na5 Ba8 24. Nb3 e5 25. Nh2 e4 26. Ng4 Qg7 27. Nd4 h5 28. Nh2
Ne5 29. f4 Nc4 30. Rb1 Nxe3 31. Qe1 Nxf1 32. Qxf1 1-0

[Event "AUTO-OPEN-3422"]
[Site "http://www.queenalice.com/game.php?id=1336330"]
[Date "2015.1.22"]
[Round "1"]
[White "Beno"]
[Black "robertson"]
[Result "0-1"]
[WhiteElo "1903"]
[BlackElo "1779"]

1. d4 e6 2. e4 a6 3. Nf3 d5 4. exd5 Qxd5 5. Nc3 Qa5 6. Bd2 Nf6 7. a3 Be7 8. Bc4
c5 9. d5 exd5 10. Nxd5 Qd8 11. Nxf6+ gxf6 12. O-O Nc6 13. Qe2 Bg4 14. Rad1 Ne5
15. Bh6 Qb6 16. Nxe5 fxe5 17. Qxg4 Qxh6 18. Qd7+ Kf8 19. Rd6 Qxd6 20. Qf5 Qf6
21. Qe4 Rb8 22. f4 Qg6 23. f5 Qf6 24. Rd1 Rd8 0-1

[Event "AUTO-OPEN-3422"]
[Site "http://www.queenalice.com/game.php?id=1336331"]
[Date "2015.1.22"]
[Round "1"]
[White "robertson"]
[Black "Beno"]
[Result "1/2-1/2"]
[WhiteElo "1790"]
[BlackElo "1892"]

1. e3 d5 2. h3 Nf6 3. d3 e5 4. a3 c5 5. c4 dxc4 6. Qa4+ Nc6 7. Qxc4 Be7 8. Nc3
a6 9. Nf3 O-O 10. Bd2 b5 11. Qb3 Bb7 12. Ne2 c4 13. dxc4 Na5 14. Bxa5 Qxa5+ 15.
Nc3 Ne4 16. Rc1 Nxc3 17. Qxc3 Qxc3+ 18. bxc3 Bxf3 19. gxf3 Bxa3 20. Rb1 bxc4 21.
Bxc4 Rab8 22. O-O Bb2 23. Bxa6 Bxc3 24. Rxb8 Rxb8 25. Rd1 g6 26. e4 Bd4 27. Kg2
Rb2 28. Rf1 f5 29. Bc4+ Kg7 30. Bd5 Kf6 31. exf5 gxf5 32. h4 h6 33. Kg3 Rd2 34.
Bc6 Rd3 35. Bb5 Ra3 36. Kg2 Ra2 37. Bc4 Rb2 38. Bd5 Rd2 39. Bb7 Ra2 40. Bd5 Ra1
41. Rxa1 Bxa1 1/2-1/2